Napoleon Hill = Vetri vidigal (Tamil)

Bibliographic Details
Main Author: Hill, Napoleon
Format: Book
Published: Chennai India : Kannadhasan Pathippagam , 2009
Subjects:

MARC

LEADER 00000cam a2200000 7i4500
001 0000086618
005 20210412.0
008 210412
020 |a 9788184026634 
041 0 |a Tamil 
090 0 0 |a 650.1   |b HIL 
100 1 |a Hill, Napoleon 
245 1 0 |a Napoleon Hill = Vetri vidigal (Tamil)   |c Napoleon Hill 
260 |a Chennai India :   |b Kannadhasan Pathippagam ,   |c 2009 
300 |a 336 p. ;   |c 21.6 cm. 
541 0 0 |a Purchased on 2020   |f 81/2020 AMM   |h RM42.50 
650 0 |a Success, Tamil 
999 |a 0001656585   |b Book   |c Tamil Collection   |e Cawangan Pontian 
999 |a 0001656586   |b Book   |c Tamil Collection   |e Cawangan Tangkak 
999 |a 0001656587   |b Book   |c Tamil Collection   |e Cawangan Bukit Gambir 
999 |a 0001656588   |b Book   |c Tamil Collection   |e Cawangan Muar 
999 |a 0001656589   |b Book   |c Tamil Collection   |e Cawangan Bandar Tenggara 
999 |a 0001656590   |b Book   |c Tamil Collection   |e Cawangan Mersing 
999 |a 0001656591   |b Book   |c Tamil Collection   |e Cawangan Tmn. Ungku Tun Aminah 
999 |a 0001656593   |b Book   |c Tamil Collection   |e Cawangan Segamat 
999 |a 0001656594   |b Book   |c Tamil Collection   |e Cawangan Bandar Penawar 
999 |a 0001656595   |b Book   |c Tamil Collection   |e Cawangan Batu Pahat 
999 |a 0001656596   |b Book   |c Tamil Collection   |e Cawangan Kota Tinggi 
999 |a 0001656597   |b Book   |c Tamil Collection   |e Cawangan Taman Sri Lambak 
999 |a 0001656739   |b Book   |c Tamil Collection   |e Perbadanan Perpustakaan Awam Johor